000 00442nam a2200145Ia 4500
003 OSt
005 20260116094401.0
008 211028s2012 xx 000 0 und d
040 _cAIMIT LIBRARY
041 _aeng
100 _aKaladagi, Shashidhar; Suresh, Rajani.
_g1016071
_96942
245 _aA study on the customer conversion rate at cauvery ford dealership Mangalore /
260 _aMangalore
_bSuresh, Rajani
_c2012
942 _2ddc
_cPRO
999 _c218512
_d218512